000
00303nam a22001337a 4500
008
170911b xxu||||| |||| 00| 0 eng d
020
_a
9780131497498
041
_a
eng
080
_2
9 ED
_a
91
100
_a
42
101
_a
GEO
245
_a
ESSENTIALS OF GEOLOGY
_c
LUTGENS.F.K
942
_2
udc
_c
BK
999
_c
26938
_d
26938